LEADER 01410nam a2200289 u 4500 001 000000074439 003 CaOOAMICUS 005 20070226122449.0 008 021206s2002 it u000 u ita u 020 $a8846502191 035 $a10947691 040 $aPUL$bita 100 1 $aCardellini, Innocenzo.$0(OLS)http://pul/name/49363 245 13$aI "Leviti", l'Esilio e il Tempio :$bnuovi elementi per una rielaborazione storica : lezione inaugurale, cattedra di Esegesi dell'Antico Testamento, Facoltà di Teologia, anno accademico 2001-2002 /$cInnocenzo Cardellini. 260 $aRoma :$bLateran University Press,$cc2002. 300 $a46 p. ;$c19 cm 490 1 $aCathedra 504 $aBibliografia in nota. 650 4$aLeviti.$0(OLS)http://pul/subject/25997 830 0$aCathedra.$0(OLS)http://pul/title/97736 850 $aPUL 852 $aPUL$W1$xSL Filosofia 1$y2$m138 B 67.3$j96024$nBK-PRI$b $qStampati$B96024$CPULBib$Z2$F96024 $H $81 941 1 $a8 961 $aINV: 90259 996 $6020$a8846502191$9(OLS)http://pul/number/96551 996 $6245$aI "Leviti", l'Esilio e il Tempio :$bnuovi elementi per una rielaborazione storica : lezione inaugurale, cattedra di Esegesi dell'Antico Testamento, Facoltà di Teologia, anno accademico 2001-2002$9(OLS)http://pul/title/97735 996 $6260$aRoma :$bLateran University Press$9(OLS)http://pul/publisher/74370 LEADER 02372nam a2200421 a 4500 001 000000140349 003 CaOOAMICUS 005 20220217105607.0 008 141106q19782020it aod u000 u ita r 032 $aLibriCat 040 $aPUL$bita 041 0 $aita$aeng 082 04$a551 100 1 $aSarti, Carlo.$0(OLS)http://pul/name/90495 245 10$aPubblicazioni scientifiche :$bgeologia e paleontologia, storia e didattica delle scienze della terra, museologia scientifica /$cCarlo Sarti ; con note a cura di Federico Venturi. 260 $a[S.l. :$bs.n.],$c[1978-2020] 300 $a2 v. :$bill., grafici, foto anche a colori ;$c31 cm 500 $aIn custodia. 500 $aRaccolta di saggi e articol pubblicati su riviste scientifiche dagli anni 1978- 2020. 504 $aBibliografia in nota. 505 0 $aV. 1. 1978-1993. -- v. 2. 1993-2012. -- v. 3. 2012-2020. -- v.4. 2020 / con note a cura di Adriano Ferrari. 546 $aArticoli in italiano e inglese. 650 4$aGeologia.$0(OLS)http://pul/subject/21676 650 4$aPaleontologia.$0(OLS)http://pul/subject/19454 700 1 $aVenturi, Federico.$0(OLS)http://pul/name/90496 700 1 $aFerrari, Adriano.$0(OLS)http://pul/name/112491 850 $aPUL 852 $aPUL$W1$xDP2 Cons. Gen., Altre Classi 3$y97$m551 SARCA 1.1$j162168$av. 1$qDDC 21$B161650$CPULBib$Z2$F161650 $H124838 $82 852 $aPUL$W1$xDP2 Cons. Gen., Altre Classi 3$y97$m551 SARCA 1.2$j162169$av. 2$qDDC 21$B161651$CPULBib$Z2$F161651 $H124839 $82 852 $aPUL$W1$xDP2 Cons. Gen., Altre Classi 3$y97$m551 SARCA 1.3$j199288$bv. 3$qDDC 21$B203954$CPULBib$Z2$F203954 $H135180 $82 852 $aPUL$W1$xDP2 Cons. Gen., Altre Classi 3$y97$m551 SARCA 1.4$j199289$bv. 4$qDDC 21$B203955$CPULBib$Z2$F203955 $H135181 $82 941 1 $a9 961 $aDiversi articoli dell'Autore rilegati insieme. 961 $aDiversi articoli dell'Autore rilegati insieme. 996 $6082$a551$9(OLS)http://pul/classification/2716 996 $6245$aPubblicazioni scientifiche :$bgeologia e paleontologia, storia e didattica delle scienze della terra, museologia scientifica$9(OLS)http://pul/title/177654 996 $6260$a[S.l. :$bs.n.]$9(OLS)http://pul/publisher/81594